000 00436nam a2200157Ia 4500
003 GCL
008 140319s9999 xx 000 0 ara d
040 _aGCL /
_cGCL
082 0 4 _aط
_b507
_bم م
100 1 _aمحمد عبدالرحمن عوض
245 1 0 _aمارد من الارض /
_cمحمد عبدالرحمن عوض
490 _aاطفالنا
_v0
650 0 4 _aالزلازل
650 0 4 _aالبراكين
942 _2ddc
_cBK
999 _c38949
_d38949